[Event "It (a)"]
[Site "Budapest (Hungary)"]
[Round "0"]
[White "Ruck Robert (HUN)"]
[Black "Farago Sandor (HUN)"]
[Result "1-0"]
[WhiteElo "2579"]
[BlackElo "2340"]

1.c4 Nf6 2.g3 g6 3.Bg2 Bg7 4.d4 c5 5.Nf3 cxd4 6.Nxd4 Nc6 7.Nc3 Qb6 8.Nb3 d6
9.O-O O-O 10.Be3 Qb4 11.c5 Rd8 12.cxd6 Rxd6 13.Qe1 Rd8 14.h3 e5 15.Bc5 Qc4
16.Rc1 Qe6 17.Rd1 Rxd1 18.Qxd1 Bd7 19.Qd6 Rc8 20.Rd1 Qe8 21.Be3 Bf5 22.Kh2 b6
23.Bg5 Qe6 24.Qxe6 Bxe6 25.Bxc6 Rxc6 26.Rd8+ Bf8 27.Bxf6 Bxb3 28.Be7 Be6
29.Bxf8 f6 30.Rd6 Rxd6 31.Bxd6 Kf7 32.a4 Bc4 33.Kg2 Ke6 34.Bb8 a6 35.Kf3 Kd7
36.Ke3 Kc6 37.b4 a5 38.bxa5 bxa5 39.Ba7 f5 40.Kf3 Bb3 41.Ke3 g5 42.g4 Be6
43.f3 {#r} 1-0

[Event "Bundesliga (2nd) West 1998/99"]
[Site "Germany"]
[Round "0"]
[White "Kveinys Aloyzas (LTU)"]
[Black "Schirbel Andreas (GER)"]
[Result "1-0"]
[WhiteElo "2515"]
[BlackElo "2315"]

1.c4 Nf6 2.g3 g6 3.Bg2 Bg7 4.d4 c5 5.Nf3 cxd4 6.Nxd4 O-O 7.Nc3 Nc6 8.Nc2 d6
9.O-O Bd7 10.b3 a6 11.Bb2 Rb8 12.Qd2 b5 13.Ne3 Ne5 14.cxb5 axb5 15.Ncd5 Nxd5
16.Nxd5 e6 17.Nf4 d5 18.Rfc1 Rc8 19.Bd4 Rxc1+ 20.Rxc1 Qb8 21.e4 Rc8 22.Rxc8+
Bxc8 23.exd5 exd5 24.Nxd5 Be6 25.Ne7+ Kh8 26.Qb2 Bh3 27.Nc6 {#r} 1-0

[Event "Ch Czechoslovakia"]
[Site "Kosice (Czech Republic)"]
[Round "15"]
[White "Filip Miroslav (CZE)"]
[Black "Marsalek Josef (CZE)"]
[Result "1-0"]
[WhiteElo "2465"]
[BlackElo "2071"]

1.d4 Nf6 2.c4 g6 3.g3 Bg7 4.Bg2 O-O 5.Nf3 c5 6.O-O cxd4 7.Nxd4 Nc6 8.Nc3 Qa5
9.Nc2 d6 10.e4 Bg4 11.f3 Be6 12.Nd5 Rac8 13.Rf2 Nd7 14.Bf1 Qd8 15.Rb1 Nc5
16.Nce3 a5 17.b3 Ne5 18.Bb2 Bxd5 19.exd5 f5 20.f4 Ned7 21.Bxg7 Kxg7 22.Qd4+
Kg8 23.g4 Ne4 24.Rg2 Qb6 25.Qxb6 Nxb6 26.gxf5 Kh8 27.fxg6 hxg6 28.Rxg6 Rxf4
29.Re1 Nd2 30.Bg2 Rg8 31.Rh6+ Kg7 32.Rh3 Kf8 33.Rg3 a4 34.Re2 Rxg3 35.hxg3 Rd4
36.Nf5 Rd3 37.Rxe7 axb3 38.axb3 Nxb3 39.Rc7 Nd2 40.Nxd6 Rxg3 41.Rxb7 Rb3 42.c5
{#r} 1-0

[Event "Ch Hungary"]
[Site "Budapest (Hungary)"]
[Round "0"]
[White "Kluger Gyula (HUN)"]
[Black "Honfi Karoly (HUN)"]
[Result "0-1"]
[WhiteElo "2250"]
[BlackElo "2365"]

1.d4 Nf6 2.c4 g6 3.g3 Bg7 4.Bg2 c5 5.Nf3 cxd4 6.Nxd4 Nc6 7.O-O O-O 8.Nc3 Qb6
9.Nc2 d6 10.b3 Be6 11.e4 Bg4 12.Qe1 Nd7 13.Ne3 Be6 14.Bb2 Nde5 15.Ncd5 Qd8
16.Qd2 Bh3 17.f4 Bxg2 18.Kxg2 Nd7 19.Bxg7 Kxg7 20.f5 Nce5 21.h3 Kh8 22.Ng4
gxf5 23.exf5 Rg8 24.Rae1 f6 25.Qh6 Rc8 26.Nxe5 Nxe5 27.Qe3 a6 28.a4 b5 29.axb5
axb5 30.cxb5 Rc5 31.Nf4 Qa8+ 32.Kh2 Rg5 33.Ne6 Rc2+ 34.Re2 Rh5 35.Kg1 Rxh3
36.Rxc2 Rh1+ 37.Kf2 Ng4+ 38.Ke2 Nxe3 39.Rxh1 Nxc2 40.Rc1 Qe4+ 41.Kd2 Qxf5
42.Rxc2 Qxe6 43.Kc3 Qc8+ {#R} 0-1

[Event "Ch City"]
[Site "Budapest (Hungary)"]
[Round "7"]
[White "Forintos Gyozo V (HUN)"]
[Black "Szilagyi Gyorgy (HUN)"]
[Result "1-0"]
[WhiteElo "2317"]
[BlackElo "2370"]

1.d4 Nf6 2.c4 g6 3.g3 Bg7 4.Bg2 O-O 5.Nf3 c5 6.O-O cxd4 7.Nxd4 Nc6 8.Nc3 Nxd4
9.Qxd4 d6 10.Qh4 Rb8 11.Rd1 b6 12.Bg5 Bb7 13.e4 Re8 14.Rac1 Rc8 15.b3 Rc5
16.Nd5 Nxd5 17.exd5 Bf6 18.Bxf6 exf6 19.Re1 Kg7 20.Qd4 b5 21.cxb5 Qb6 22.Qd2
Rxe1+ 23.Rxe1 Qxb5 24.b4 Rc4 25.a3 Qb6 26.Re7 Rd4 27.Qe2 Ba6 28.Qe1 Bc4 29.Bf3
Bxd5 30.Bxd5 Rxd5 31.Qe6 Rd1+ 32.Kg2 Qc6+ 33.Kh3 Kh6 34.Rxf7 Rd5 35.Qe3+ Rg5
36.Rxf6 Qc8+ 37.Kg2 Qc6+ 38.Rf3 Kh5 39.h3 Qd5 40.Qf4 Kh6 41.h4 {#r} 1-0

[Event "It"]
[Site "Zinnowitz (Germany)"]
[Round "3"]
[White "Kozma Julius (CSR)"]
[Black "Bukic Enver (SLO)"]
[Result "0-1"]
[WhiteElo "2380"]
[BlackElo "2383"]

1.d4 Nf6 2.c4 g6 3.g3 Bg7 4.Bg2 O-O 5.Nf3 c5 6.O-O cxd4 7.Nxd4 Nc6 8.Nc3 Nxd4
9.Qxd4 d6 10.Qd3 a6 11.h3 Bf5 12.e4 Bd7 13.Be3 Qa5 14.Rfd1 Rac8 15.c5 dxc5
16.e5 Bf5 17.Qd2 Nd7 18.Nd5 Qd8 19.f4 Be6 20.Rac1 Re8 21.a4 Nb6 22.Rxc5 Nxd5
23.Bxd5 Rxc5 24.Bxc5 Qc8 25.b4 Bxh3 26.Qa2 e6 27.Bf3 b6 28.Bxb6 Qc3 29.Qe2
Qxb4 30.a5 Bf8 31.Kh2 Bf5 32.Qxa6 Bc2 33.Rd4 Qb3 34.Qe2 Rc8 35.Rd8 Rc3 36.Qd2
Rd3 37.Rxd3 Bxd3 38.Be2 Be4 39.Qd1 Qa2 {#R} 0-1

[Event "Ch Netherlands"]
[Site "Leeuwarden (Netherlands)"]
[Round "0"]
[White "Henneberke Franciscus"]
[Black "Scholl Eddie C (NED)"]
[Result "0-1"]
[WhiteElo "2200"]
[BlackElo "2400"]

1.d4 Nf6 2.c4 g6 3.g3 Bg7 4.Bg2 c5 5.Nf3 Nc6 6.Nc3 O-O 7.O-O cxd4 8.Nxd4 Nxd4
9.Qxd4 d6 10.Bg5 Be6 11.Qh4 Qa5 12.Rac1 a6 13.Rfd1 Rac8 14.Bd5 Bxd5 15.cxd5 b5
16.a3 Rc4 17.Rd4 Rfc8 18.Rcd1 h5 19.Rxc4 Rxc4 20.Rd4 Nxd5 21.Rxc4 bxc4 22.Qxc4
Nxc3 23.Bd2 Qc5 24.Qxc5 Nxe2+ 25.Kf1 dxc5 26.Kxe2 Bxb2 27.a4 c4 {#R} 0-1

[Event "x"]
[Site "Vrnjacka Banja (Serbia)"]
[Round "0"]
[White "Ornstein Axel (SWE)"]
[Black "Jansa Vlastimil (CZE)"]
[Result "0-1"]
[WhiteElo "2425"]
[BlackElo "2505"]

1.d4 Nf6 2.c4 g6 3.g3 Bg7 4.Bg2 c5 5.Nf3 cxd4 6.Nxd4 O-O 7.O-O Nc6 8.Nc3 Nxd4
9.Qxd4 d6 10.Qh4 Qa5 11.Bd2 Be6 12.Rac1 Rab8 13.Rc2 Rfc8 14.b3 a6 15.Rfc1 Qd8
16.Bg5 Qa5 17.c5 dxc5 18.Bf4 c4 19.Bxb8 cxb3 20.axb3 Bxb3 21.Nd5 Rxc2 22.Nxe7+
Kh8 23.Rxc2 Bxc2 24.Qc4 Qd8 25.Bd6 Ba4 26.Qc7 Qxc7 27.Bxc7 b5 28.Ba5 Bf8
29.Nc6 Nd7 30.Bh3 Nc5 31.Bc8 b4 32.Nd4 Nb3 33.Nxb3 Bxb3 34.Bxa6 Bc2 35.Kf1 b3
36.Bc4 Kg8 {#R} 0-1

[Event "It (open)"]
[Site "London (England)"]
[Round "0"]
[White "Birnboim Nathan (ISR)"]
[Black "McDonald Neil R (ENG)"]
[Result "0-1"]
[WhiteElo "2465"]
[BlackElo "2400"]

1.d4 Nf6 2.c4 g6 3.g3 Bg7 4.Bg2 c5 5.Nf3 cxd4 6.Nxd4 Nc6 7.O-O O-O 8.Nc3 Nxd4
9.Qxd4 d6 10.Qd3 Bf5 11.e4 Be6 12.Bd2 a6 13.Rfc1 Ng4 14.b3 f5 15.Rf1 Qb6
16.Qe2 f4 17.gxf4 Bxc3 18.Bxc3 Rxf4 19.h3 Ne5 20.Bd2 g5 21.Qh5 Kh8 22.Qxg5 Rf3
23.Qxe7 Bxh3 24.Bxh3 Rf7 25.Qe6 Qd4 26.Qd5 Qxd2 27.Qxd2 Nf3+ 28.Kg2 Nxd2
29.Bf5 Rg8+ 30.Kh3 Rf6 31.Bg4 Nxf1 32.Rxf1 Rf4 33.f3 Rgxg4 {#R} 0-1

[Event "It \"]
[Site "New York (USA)"]
[Round "0"]
[White "Djuric Stefan (SRB)"]
[Black "Leal Alberto (MEX)"]
[Result "1-0"]
[WhiteElo "2463"]
[BlackElo "2270"]

1.d4 Nf6 2.c4 g6 3.g3 Bg7 4.Bg2 O-O 5.Nf3 c5 6.O-O cxd4 7.Nxd4 Nc6 8.Nc3 Qb6
9.Nb3 d6 10.Bg5 Be6 11.Nd5 Bxd5 12.cxd5 Ne5 13.Be3 Qa6 14.Bd4 Rac8 15.f4 Nc4
16.e4 e5 17.dxe6 fxe6 18.Bh3 Rce8 19.e5 Nd5 20.Qe1 dxe5 21.fxe5 Bh6 22.Rxf8+
Bxf8 23.Qf2 Qa4 24.Rc1 b6 25.Qf3 Qc6 26.Bf1 b5 27.Na5 Qc7 28.Nxc4 bxc4 29.Rxc4
Qa5 30.a3 Bh6 31.b4 Qd8 32.Bxa7 Rf8 33.Qd3 Qa8 34.Bc5 Rd8 35.Qb3 Qb8 36.Re4
Rc8 37.Qf3 Rc7 38.Bh3 Qe8 39.Qg4 {#r} 1-0

[Event "Oberliga 1990/91"]
[Site "Hessen (Germany)"]
[Round "0"]
[White "Dautov Rustem (GER)"]
[Black "Beck Daniel (GER)"]
[Result "1-0"]
[WhiteElo "2595"]
[BlackElo "2132"]

1.d4 Nf6 2.c4 g6 3.g3 Bg7 4.Bg2 O-O 5.Nc3 c5 6.Nf3 cxd4 7.Nxd4 Nc6 8.O-O Nxd4
9.Qxd4 d6 10.Qd3 a6 11.Be3 Qa5 12.Bd4 Be6 13.b3 Rab8 14.Rfc1 b5 15.Nd5 Bxd5
16.cxd5 Rfc8 17.Rc6 Rxc6 18.dxc6 Qc7 19.Rc1 Ne8 20.Bxg7 Nxg7 21.b4 Rb6 22.a4
bxa4 23.Qa3 Ne8 24.Qxa4 Qb8 25.c7 Nxc7 26.Qd7 Rxb4 27.Rxc7 Rb1+ 28.Bf1 Qb3
29.Qxe7 Qd5 30.e4 {#r} 1-0

[Event "Ch Czechoslovakia (team) 1991/92"]
[Site "Czechoslovakia"]
[Round "0"]
[White "Jirovsky Milos (CZE)"]
[Black "Demeter Peter (SVK)"]
[Result "1-0"]
[WhiteElo "2425"]
[BlackElo "2253"]

1.g3 g6 2.Bg2 Bg7 3.d4 Nf6 4.c4 c5 5.Nf3 cxd4 6.Nxd4 Nc6 7.Nc3 Nxd4 8.Qxd4 d6
9.O-O O-O 10.Qd3 Qa5 11.h3 Be6 12.Bd2 Qc7 13.b3 Rfc8 14.Rac1 a6 15.Kh2 Rab8
16.f4 Qd7 17.e4 Rc5 18.g4 Qe8 19.Be3 Rcc8 20.a4 Nd7 21.f5 Ne5 22.Qd2 Bd7
23.Nd5 b5 24.cxb5 axb5 25.a5 Rxc1 26.Rxc1 Bc6 27.a6 e6 28.fxe6 fxe6 29.a7 Rd8
30.Nc7 Qd7 31.Qa5 Nd3 32.Rxc6 Be5+ 33.Kg1 Qxc6 34.a8=Q Qd7 35.Nxe6 Rxa8
36.Qxa8+ Kf7 37.Ng5+ Ke7 38.Nxh7 Bg7 39.Qg8 Bf6 40.Qxg6 {#r} 1-0

[Event "Ch Ukraine (team)"]
[Site "Alushta (Ukraine)"]
[Round "0"]
[White "Lempert Igor (UKR)"]
[Black "Kuzmin Gennadi P (UKR)"]
[Result "0-1"]
[WhiteElo "2510"]
[BlackElo "2485"]

1.d4 Nf6 2.c4 g6 3.g3 Bg7 4.Bg2 O-O 5.Nc3 c5 6.Nf3 cxd4 7.Nxd4 Nc6 8.O-O Ng4
9.e3 h5 10.c5 d5 11.cxd6 exd6 12.Ndb5 Be6 13.Qxd6 Qb6 14.Qc7 Bc4 15.Qxb6 axb6
16.Rd1 Rfd8 17.Nd6 Ba6 18.Rd2 Rd7 19.Ndb5 Rad8 20.Rxd7 Rxd7 21.Bf3 Nb4 22.h3
Ne5 23.Be2 Ned3 24.a4 Nc6 25.Kf1 Na5 26.Bxd3 Rxd3 27.Ke2 Rd8 28.Rb1 Nb3 29.e4
Nc5 30.Bg5 f6 31.Be3 Nxa4 32.Kf3 Nc5 33.Nc7 Bc4 34.Ra1 f5 35.exf5 Rd7 36.Ra8+
Kh7 37.Ne8 gxf5 38.Nxg7 Kxg7 39.Rc8 Nd3 40.Bxb6 {#R} 0-1

[Event "Ch Europe (juniors) (under 18)"]
[Site "Hania (Greece)"]
[Round "6"]
[White "Ruck Robert (HUN)"]
[Black "Stocek Jiri (CZE)"]
[Result "1-0"]
[WhiteElo "2435"]
[BlackElo "2350"]

1.c4 Nf6 2.g3 g6 3.Bg2 Bg7 4.d4 O-O 5.Nf3 c5 6.O-O cxd4 7.Nxd4 Nc6 8.Nc3 Ng4
9.e3 d6 10.Nde2 Qa5 11.Nd5 e6 12.Bd2 Qd8 13.Ndc3 Re8 14.b3 d5 15.cxd5 exd5
16.Bxd5 Nf6 17.Bg2 Bf5 18.Rc1 Qd7 19.Na4 Rad8 20.Bxc6 bxc6 21.Ba5 Qxd1
22.Rfxd1 Rxd1+ 23.Rxd1 Bg4 24.Nac3 Nd5 25.Nxd5 cxd5 26.Rd2 Bf3 27.Rc2 h5 28.h4
Be5 29.Kf1 a6 30.Bb6 Be4 31.Rc1 Bb2 32.Rc7 Be5 33.Rc5 Bf3 34.Rc1 f6 35.Ke1 Kf7
36.Kd2 g5 37.Bd4 Bd6 38.Rc6 Re6 39.Rb6 Kg6 40.Nc3 a5 41.Bc5 gxh4 42.gxh4 d4
43.Ne2 dxe3+ 44.fxe3 Bxc5 45.Rxe6 Bb4+ 46.Kd3 Be1 47.Ra6 Bxh4 48.Nf4+ Kh6
49.Rxa5 Bg5 50.Rc5 h4 51.Rc2 f5 52.Rh2 Be7 53.b4 Be4+ 54.Kc4 Kg5 55.Rxh4 {#r}
1-0

[Event "It \"]
[Site "Hungary"]
[Round "0"]
[White "Ruck Robert (HUN)"]
[Black "Beck Hartmuth (AUT)"]
[Result "1-0"]
[WhiteElo "2435"]
[BlackElo "2285"]

1.c4 Nf6 2.g3 g6 3.Bg2 Bg7 4.d4 c5 5.Nf3 cxd4 6.Nxd4 O-O 7.Nc3 Nc6 8.O-O Nxd4
9.Qxd4 d6 10.Qd3 a6 11.Rd1 Nd7 12.b3 Rb8 13.Be3 Qa5 14.Rac1 Qh5 15.Nd5 Re8
16.Bf3 Qh3 17.Qd2 Ne5 18.Bg2 Qh5 19.h3 Nc6 20.Rc2 h6 21.c5 dxc5 22.Rxc5 e5
23.Bxh6 Bxh3 24.Bxg7 Kxg7 25.Nf4 {#r} 1-0

[Event "Ch Hungary (juniors) (under 18)"]
[Site "Paks (Hungary)"]
[Round "0"]
[White "Ruck Robert (HUN)"]
[Black "Cseke Richard (HUN)"]
[Result "1-0"]
[WhiteElo "2435"]
[BlackElo "2286"]

1.c4 g6 2.g3 Bg7 3.d4 Nf6 4.Bg2 O-O 5.Nf3 c5 6.O-O cxd4 7.Nxd4 Nc6 8.Nc3 a6
9.c5 Ng4 10.Nb3 f5 11.e4 d6 12.h3 Nf6 13.exf5 Bxf5 14.g4 Be6 15.Re1 Bf7
16.cxd6 exd6 17.Bf4 d5 18.Be3 Re8 19.Re2 Ne4 20.Nxe4 dxe4 21.Nc5 Qxd1+ 22.Rxd1
Re7 23.b3 Rae8 24.Red2 Nb8 25.Rd8 b6 26.Nxe4 b5 27.Rxe8+ Bxe8 28.Rc1 Nc6
29.Rc5 Be5 30.Rxe5 Nxe5 31.Bc5 Re6 32.Ng5 {#r} 1-0

[Event "It (open) (w) \"]
[Site "Poland"]
[Round "0"]
[White "Dambravaite Asta (LTU)"]
[Black "Kowalska Elzbieta (POL)"]
[Result "1-0"]
[WhiteElo "2089"]
[BlackElo "1927"]

1.d4 Nf6 2.c4 g6 3.g3 Bg7 4.Bg2 O-O 5.Nf3 c5 6.O-O cxd4 7.Nxd4 Nc6 8.Nc3 Ng4
9.e3 Nge5 10.b3 Nxd4 11.exd4 Nc6 12.Be3 d6 13.Rc1 Bf5 14.Qd2 Qd7 15.Rfe1 Rfe8
16.f4 Bh3 17.Bxh3 Qxh3 18.d5 Bxc3 19.Rxc3 Nb4 20.Bd4 Na6 21.Rce3 Qd7 22.Qe2
Kf8 23.f5 Nc7 24.Re4 b5 25.Qe3 {#r} 1-0

[Event "It (open)"]
[Site "Yerevan (Armenia)"]
[Round "8"]
[White "Lempert Igor (UKR)"]
[Black "Cherniaev Alexander (RUS)"]
[Result "0-1"]
[WhiteElo "2470"]
[BlackElo "2278"]

1.d4 Nf6 2.c4 g6 3.g3 Bg7 4.Bg2 O-O 5.Nf3 c5 6.O-O cxd4 7.Nxd4 Nc6 8.Nc3 Ng4
9.e3 Nxd4 10.exd4 Nh6 11.Bd2 Nf5 12.d5 d6 13.Rc1 Bd7 14.b3 Rc8 15.Re1 a6
16.Ne4 b5 17.c5 dxc5 18.Nxc5 Bd4 19.b4 Nd6 20.Bg5 Bf6 21.Bxf6 exf6 22.Qd4 Kg7
23.h4 h5 24.Nxd7 Qxd7 25.Rc6 Ra8 26.Re3 Rfd8 27.Ra3 Qe7 28.Re3 Qd7 29.Ra3 Qe7
30.Raxa6 Rxa6 31.Rxa6 Nf5 32.Qd2 Qe5 33.Ra3 Rc8 34.Rd3 Nd6 35.Re3 Qf5 36.Rf3
Rc2 37.Qd1 Qc8 38.Qd4 Nf5 39.Qd3 Rxa2 40.Rf4 Qc1+ 41.Qf1 Qb2 42.Qd3 Qc1+
43.Kh2 Nh6 44.Bf1 Ng4+ 45.Kg1 Qe1 46.Qd4 Rd2 47.Qc5 Rd1 48.Qxb5 Ne3 49.fxe3
Qxg3+ 50.Kh1 Rd2 51.Be2 Qxe3 52.Rf3 Qxe2 53.Qxe2 Rxe2 54.Rd3 Kf8 55.d6 Ke8
56.d7+ Kd8 57.b5 Re4 58.Kg2 Rxh4 59.Rd6 f5 60.Kg3 Re4 61.Rd5 Rb4 62.Kh3 h4
63.Kg2 Rb3 64.Kh2 h3 65.Kg1 Rb2 66.Kh1 h2 67.Rd6 Rxb5 68.Rf6 Kxd7 {#R} 0-1

[Event "It (open)"]
[Site "Badalona (Spain)"]
[Round "0"]
[White "Panchenko Alexandar G (UKR)"]
[Black "Dominguez Matito Antonio (ESP)"]
[Result "1-0"]
[WhiteElo "2420"]
[BlackElo "2036"]

1.d4 Nf6 2.c4 g6 3.g3 Bg7 4.Bg2 O-O 5.Nc3 c5 6.Nf3 cxd4 7.Nxd4 Nc6 8.O-O Nxd4
9.Qxd4 d6 10.Qd3 a6 11.Bd2 Rb8 12.Rac1 Nd7 13.b3 Nc5 14.Qe3 Bd7 15.Nd5 Ne6
16.Qb6 Nd4 17.Rfe1 Qxb6 18.Nxb6 Bg4 19.Kf1 Nc6 20.b4 Be6 21.a4 Nd4 22.Bf4 Be5
23.Bxe5 dxe5 24.Red1 a5 25.e3 Nc6 26.b5 Nb4 27.c5 Bg4 28.Rd2 Rfe8 29.Nc4 {#r}
1-0

[Event "Bayern Regionalliga Southeast"]
[Site "Germany"]
[Round "3"]
[White "Zenker Ulrich (GER)"]
[Black "Benischek Wolfgang"]
[Result "1-0"]
[WhiteElo "2202"]
[BlackElo "2020"]

1.d4 Nf6 2.c4 g6 3.g3 Bg7 4.Bg2 c5 5.Nf3 cxd4 6.Nxd4 Nc6 7.Nc3 O-O 8.O-O Qb6
9.Nb3 d6 10.Be3 Qd8 11.Rc1 Ng4 12.Bf4 a5 13.Na4 Nb4 14.h3 e5 15.Bd2 Nh6 16.a3
Bd7 17.Nc3 Nc6 18.Nb5 a4 19.Na1 Nd4 20.Nxd6 Bc6 21.Bb4 Bxg2 22.Kxg2 Qd7 23.Nc2
Qc6+ 24.Kh2 Nb3 25.Rb1 Rfd8 26.Qd5 Qxd5 27.cxd5 Rxd6 28.Bxd6 Nd2 29.Bc7 Nxf1+
30.Rxf1 Kf8 31.Ne3 Ke8 32.Nc4 b5 33.Nb6 Ra7 34.d6 Bf6 35.d7+ Kf8 36.d8=Q+ Bxd8
37.Bxd8 Nf5 38.Rd1 Kg7 39.Rd5 Nd4 40.Rxe5 Nc6 41.Re8 f6 42.Nd5 Rd7 43.Bxf6+
Kf7 44.Rc8 Na7 45.Rc5 Rxd5 46.Rxd5 Kxf6 47.Rc5 {#r} 1-0

[Event "Ch Germany (seniors) (open)"]
[Site "Weilburg (Germany)"]
[Round "6"]
[White "Niebling Ferdinand (GER)"]
[Black "Schneider Georg (GER)"]
[Result "0-1"]
[WhiteElo "2250"]
[BlackElo "2230"]

1.d4 Nf6 2.c4 g6 3.g3 Bg7 4.Bg2 O-O 5.Nc3 c5 6.Nf3 cxd4 7.Nxd4 Nc6 8.O-O Qa5
9.Nc2 d6 10.e3 Ne5 11.Qe2 Be6 12.b4 Qc7 13.Nd5 Nxd5 14.cxd5 Bd7 15.Bb2 Bg4
16.f3 Nxf3+ 17.Bxf3 Bxf3 18.Rxf3 Bxb2 19.Rd1 Be5 20.Nd4 Qc3 21.Qd2 Qc4 22.Ne2
Qe4 23.Rf2 Rac8 24.Qd3 Rc4 25.a3 Rfc8 26.Qxe4 Rxe4 27.Rd3 Rec4 28.Kg2 Rc2
29.h3 Ra2 30.Nd4 Ra1 31.Nf3 Bf6 32.Nd4 Rcc1 33.Ne2 Rcb1 34.Kf3 Be5 35.Nf4 g5
36.Ne2 Rh1 37.Kg4 Ra2 38.Rg2 h6 39.Nf4 Raa1 40.Ne2 Raf1 41.Nd4 Bxd4 42.Rxd4
Kg7 43.h4 Kg6 44.h5+ Rxh5 45.e4 Rhh1 {#R} 0-1

[Event "Ch Poland (team) (2nd liga)"]
[Site "Wisla (Poland)"]
[Round "0"]
[White "Kowzan Piotr (POL)"]
[Black "Lach Ireneusz (POL)"]
[Result "1-0"]
[WhiteElo "2195"]
[BlackElo "2018"]

1.d4 Nf6 2.c4 g6 3.g3 Bg7 4.Bg2 O-O 5.Nf3 c5 6.O-O cxd4 7.Nxd4 Nc6 8.Nc3 a6
9.Nc2 d6 10.e4 Na5 11.Qd3 Rb8 12.h3 Qd7 13.b4 Nc6 14.f4 b5 15.cxb5 axb5 16.Rb1
Ne8 17.Be3 Nc7 18.Nd5 Nxd5 19.exd5 Nd8 20.Nd4 e6 21.Nc6 Nxc6 22.dxc6 Qc7 23.a4
d5 24.axb5 d4 25.Bf2 e5 26.Rbc1 Bf5 27.Qc4 h5 28.fxe5 Bxe5 29.Bxd4 Bxd4+
30.Qxd4 Rxb5 31.Kh2 Rd8 32.Qf4 Rc8 33.Qxc7 Rxc7 34.Rf4 Bd3 35.Rd4 Bf5 36.Bf1
Rb6 37.b5 Kg7 38.Ra4 Bc8 39.Rca1 Kf6 40.Ra7 Rxa7 41.Rxa7 Rb8 42.c7 Rb7 43.Rxb7
Bxb7 44.Bg2 Bc8 45.b6 {#r} 1-0

[Event "It (open)"]
[Site "Barcelona (Spain)"]
[Round "4"]
[White "Sanchez Niubo Albert (ESP)"]
[Black "Prat Llables Joan (ESP)"]
[Result "1-0"]
[WhiteElo "1944"]
[BlackElo "2168"]

1.d4 Nf6 2.c4 g6 3.g3 Bg7 4.Bg2 O-O 5.Nf3 c5 6.O-O cxd4 7.Nxd4 Nc6 8.Nc3 Qb6
9.Nb3 d6 10.Be3 Qc7 11.Rc1 Ng4 12.Bf4 Rd8 13.Nd5 Qb8 14.c5 Bxb2 15.cxd6 exd6
16.Rxc6 bxc6 17.Ne7+ Kh8 18.Nxc6 {#r} 1-0

[Event "It (open)"]
[Site "St. Veit (Austria)"]
[Round "0"]
[White "Kilgus Georg (AUT)"]
[Black "Boelzlbauer Wolfgang (AUT)"]
[Result "1-0"]
[WhiteElo "2261"]
[BlackElo "1997"]

1.d4 Nf6 2.c4 g6 3.g3 Bg7 4.Bg2 O-O 5.Nc3 c5 6.Nf3 cxd4 7.Nxd4 Nc6 8.O-O e5
9.Ndb5 a6 10.Nd6 Ne8 11.Nce4 Nd4 12.Bg5 f6 13.Be3 Ne6 14.Qa4 Qc7 15.Rfd1 f5
16.Nxe8 Rxe8 17.Nd6 Rd8 18.Qb3 Nd4 19.Rxd4 exd4 20.c5+ {#r} 1-0

[Event "It (open)"]
[Site "Debrecen (Hungary)"]
[Round "2"]
[White "Dovzik Juri (UKR)"]
[Black "Dani Peter (HUN)"]
[Result "1-0"]
[WhiteElo "2400"]
[BlackElo "2129"]

1.d4 Nf6 2.g3 g6 3.Bg2 Bg7 4.c4 c5 5.Nf3 O-O 6.Nc3 Nc6 7.O-O cxd4 8.Nxd4 Qb6
9.Nc2 Ne5 10.Be3 Qd8 11.b3 d6 12.h3 Bd7 13.Nd4 Nc6 14.Qd2 Nxd4 15.Bxd4 Bc6
16.e4 Nd7 17.Bxg7 Kxg7 18.Qd4+ Kg8 19.Rfe1 Qb6 20.Qd2 a5 21.h4 Nf6 22.Re2 Qc5
23.Nd5 Bxd5 24.exd5 a4 25.Rc1 axb3 26.axb3 Rfe8 27.b4 Qa7 28.c5 Rac8 29.Qd4
Nd7 30.Rec2 Qa4 31.c6 Nf6 32.c7 Nd7 33.h5 Ne5 34.Rc3 Qd7 35.hxg6 hxg6 36.Qb6
Kg7 37.Qxb7 Rh8 38.b5 Qf5 39.Qa7 Nd3 40.Qd4+ Ne5 41.f4 f6 42.fxe5 fxe5 43.Qf2
Qh5 44.Rf3 g5 45.b6 g4 46.Rf5 Qh6 47.Rc4 {#r} 1-0

[Event "Regionalliga Southeast 2002/03"]
[Site "Germany"]
[Date "2003.01.26"]
[Round "5"]
[White "Scheipl Ralf (GER)"]
[Black "Moser Wolfgang (GER)"]
[Result "1-0"]
[WhiteElo "2268"]
[BlackElo "2158"]

1.c4 Nf6 2.g3 g6 3.Bg2 Bg7 4.d4 O-O 5.Nf3 c5 6.Nc3 cxd4 7.Nxd4 Nc6 8.O-O a6
9.h3 Qc7 10.Nc2 d6 11.Bg5 Qa5 12.Nd5 Re8 13.b4 Qd8 14.Nxf6+ exf6 15.Be3 f5
16.Rb1 Be6 17.Bd5 Qc8 18.Bf4 Ne5 19.Ne3 h6 20.Bxe6 Qxe6 21.Qd5 Qxd5 22.cxd5
Rec8 23.Rfc1 b5 24.Bxe5 Bxe5 25.Rc6 f4 26.gxf4 Bxf4 27.Ng4 Rxc6 28.dxc6 Rc8
29.Nf6+ Kf8 30.Nd5 Bg5 31.f4 Bd8 32.Rc1 Bc7 33.Kg2 f5 34.Rc3 Kf7 35.Kf3 Ke6
36.e4 Bb8 37.Rc2 fxe4+ 38.Kxe4 Ba7 39.c7 Kd7 40.Kf3 Ke6 41.Ke4 Kd7 42.Rg2 Re8+
43.Kf3 Kc6 44.c8=Q+ {#r} 1-0

[Event "Ch Netherlands (open)"]
[Site "Dieren (Netherlands)"]
[Round "5"]
[White "Mchedlishvili Mikheil (GEO)"]
[Black "Compagnie Luc Gerrit (NED)"]
[Result "1-0"]
[WhiteElo "2504"]
[BlackElo "2206"]

1.d4 Nf6 2.c4 g6 3.g3 Bg7 4.Bg2 c5 5.Nf3 O-O 6.O-O cxd4 7.Nxd4 Nc6 8.Nc3 Nxd4
9.Qxd4 d6 10.Qd3 Bf5 11.e4 Be6 12.b3 Ng4 13.Bd2 Ne5 14.Qe2 Nc6 15.Rac1 Qd7
16.Nd5 Bh3 17.Bc3 Bxg2 18.Kxg2 Bxc3 19.Rxc3 f5 20.exf5 Rxf5 21.Re1 Re8 22.f4
Rff8 23.Re3 e5 24.Rf1 Nd4 25.Qd3 Nf5 26.Re4 exf4 27.Rfxf4 Re6 28.Rxe6 Qxe6
29.Re4 Qf7 30.Qe2 Qd7 31.Rf4 Rf7 32.g4 Nh4+ 33.Kg3 Rxf4 34.Nxf4 g5 35.Qe6+
Qxe6 36.Nxe6 h6 37.Nd8 b6 38.Nb7 Ng6 39.Nxd6 Ne7 40.Kf3 Nc6 41.Ke4 Kg7 42.Nc8
Kf6 43.Kd5 Nb4+ 44.Kd6 Nxa2 45.Nxa7 Nc1 46.b4 Nd3 47.b5 Ne5 48.c5 bxc5 49.Nc6
{#r} 1-0

[Event "It (open)"]
[Site "Aschach (Austria)"]
[Date "2004.12.26"]
[Round "1"]
[White "Kilgus Georg (AUT)"]
[Black "Wimmer Johann (AUT)"]
[Result "0-1"]
[WhiteElo "2342"]
[BlackElo "2077"]

1.d4 Nf6 2.c4 g6 3.g3 Bg7 4.Bg2 O-O 5.Nc3 c5 6.Nf3 cxd4 7.Nxd4 Nc6 8.O-O Nxd4
9.Qxd4 d6 10.Qd3 Rb8 11.Be3 a6 12.Ba7 Ra8 13.Bd4 Rb8 14.Rfd1 Bf5 15.e4 Bg4
16.Rd2 Be6 17.e5 Ne8 18.exd6 Qxd6 19.Bxg7 Qxd3 20.Rxd3 Kxg7 21.b3 Nf6 22.c5
Rfc8 23.b4 Bd7 24.Re1 Kf8 25.Ne4 Bf5 26.Nxf6 Bxd3 27.Nd7+ Ke8 28.Nxb8 Rxb8
29.Rd1 Bb5 30.Rd4 Bc6 31.Rh4 Rd8 32.Bxc6+ bxc6 33.Rxh7 Rd2 34.a4 Rd4 35.Rh4
Rxh4 36.gxh4 Kd7 37.Kf1 Ke6 38.Ke2 Kd5 39.Kd3 e5 40.f3 f6 41.Kc3 a5 42.bxa5
Kxc5 43.Kd3 f5 44.Kc3 Kd6 45.Kc4 Kc7 46.Kc5 Kb7 47.Kc4 Ka7 48.Kc5 Ka6 49.Kb4
e4 50.fxe4 fxe4 51.Kc4 c5 52.Kc3 Kxa5 53.Kd2 {#R} 0-1